HACIENDO QUE ME AMAS - BAD BUNNY - Estadísticas

Estadísticas generales
  • Esta prueba ha sido intentada 40 veces
  • La puntuación promedio es 268 de 302
Estadísticas de respuestas
Respuesta % Correcto
a
100%
ha
100%
mi
100%
no
100%
si
100%
ama
96%
amo
96%
amor
96%
cuando
96%
de
96%
el
96%
lo
96%
me
96%
nada
96%
que
96%
se
96%
te
96%
tu
96%
y
96%
amas
92%
besos
92%
casi
92%
caso
92%
con
92%
corazon
92%
en
92%
es
92%
hacemos
92%
haciendo
92%
igual
92%
la
92%
mañana
92%
mirada
92%
noche
92%
pa
92%
pero
92%
por
92%
saben
92%
to
92%
tus
92%
ya
92%
yo
92%
aire
88%
años
88%
aunque
88%
baño
88%
besaste
88%
confio
88%
conozco
88%
culpa
88%
decir
88%
despues
88%
dia
88%
dos
88%
ese
88%
esta
88%
extraño
88%
hasta
88%
hay
88%
heridas
88%
intentar
88%
las
88%
los
88%
ni
88%
para
88%
pedazos
88%
porque
88%
quien
88%
recuerdo
88%
sanan
88%
sea
88%
sido
88%
siente
88%
todo
88%
trata
88%
voz
88%
acabo
85%
adios
85%
algo
85%
cambiado
85%
cena
85%
conoci
85%
desde
85%
eres
85%
error
85%
extraños
85%
ey
85%
han
85%
nuestro
85%
ofreci
85%
olvidar
85%
pasado
85%
paso
85%
poco
85%
queda
85%
sabes
85%
sonrisa
85%
tantos
85%
tuvo
85%
verdad
85%
viene
85%
atraso
81%
bien
81%
cocina
81%
deciamos
81%
devuelveme
81%
esto
81%
hagas
81%
hemos
81%
hombre
81%
lio
81%
mio
81%
mujeres
81%
nuevo
81%
nunca
81%
pego
81%
peor
81%
polvo
81%
quiere
81%
somos
81%
sonrio
81%
tenia
81%
tiempo
81%
tratar
81%
tuyo
81%
veo
81%
vivido
81%
banda
77%
cabron
77%
cine
77%
del
77%
dimelo
77%
meci
77%
ocultes
77%
olvides
77%
otro
77%
sueltame
77%
termina
77%
muere
73%
nace
73%
noches
73%
pendejo
73%
primeros
73%
raro
73%
solo
73%
disfruta
69%
eh
69%
odiarnos
69%
siento
69%
uno
69%
comparte
58%
oyen
58%
creyendome
46%
nah
38%
No se encontraron pruebas coincidentes
Distribución de puntuación
Porcentaje de gente con cada puntuación
Porcentaje por número respondido
Historial de tus puntuaciones
No has intentado esta prueba.